000 00335nam a2200133Ia 4500
008 221007s9999 xx 000 0 und d
020 _a11004
041 _aeng
082 _bDAL
100 _aDalal C
_949318
245 _aFraud Detection : A Practical Approach for Auditors
260 _c2006
_bBCA Society
_aMumbai
906 _bGeneral
999 _c60982
_d60982